| 000 | 02587nam a2200289Ia 4500 | ||
|---|---|---|---|
| 005 | 20180730152018.0 | ||
| 008 | 130821s1770 it fr 1 latsd | ||
| 040 |
_aCo-BoUCM _bspa _cSandra Yazo (modificó) _dSandra Yazo (modificó) |
||
| 041 | 0 | _alat | |
| 082 | 0 | 4 |
_a241.6 _220 |
| 092 | _aE08N069 | ||
| 100 | 1 |
_aConcina, Daniele _d1687-1756 _937682 |
|
| 242 | 0 | 0 |
_aDos disertaciones sobre los espectáculos teatrales, que están prohibidos a laicos y clérigos por igual ; _bSe completa con una tercera disertación sobre los sacerdotes que se disfrazan ; _cAutor Fray Daniel Concina _yspa _pOpúsculo de San Carlos Borromeo sobre los bailes y espectáculos que no deben presentarse en los días de fiesta. |
| 245 | 1 | 0 |
_aDe spectaculis theatralibus christiano cuique tum laico, tum clerico vetitis. Dissertationes duae _bAccedit dissertatio tertia de presbyteris personatis _cAuctore F. Daniele Concina ... _pS. Caroli Borromei ... Opusculum de choreis, et spectaculis in festis diebus non exhibendis ... |
| 250 | _aEditio tertia [Tercera edición] | ||
| 260 |
_aRomae [Roma] (Italia) _bApud Simonem Occhi [En los talleres de Simón Occhi] _c1770 |
||
| 300 |
_axxxii, 238, [2] páginas _c24 x 17 cm. |
||
| 500 | _aDetalles físicos: Encuadernación rígida en cartón forrado en pergamino. Empieza a desencuadernarse. Guardas. Anteportada. Portada impresa en una sola tinta con un escudo pontificio y sello de tinta (D. Alarcón). Dedicatoria. Licencias y permisos. Resumen del índice. Texto impreso en dos columnas con varios tipos y tamaños de letra. Mayúsculas capitales. Párrafos numerados en romanos. Signaturas y reclamos. Notas de pie de página. Conserva parte de los cierres en cuero. Papel con oxidación te tintas y deformación de planos. Incluye una segunda obra con una portadilla, después de la página 214 | ||
| 505 | 0 | _aDisertación 1 – 3: Moralidad de los espectáculos: Conceptos del P. Mariana sobre los espectáculos ; Las corridas de toros y otras representaciones sagradas que se suelen celebrar en España -- Los religiosos y los espectáculos -- La dignidad sacerdotal y los sacerdotes que se disfrazan -- Selección de textos de San Carlos Borromeo sobre los bailes y otros espectáculos | |
| 506 | _aConsulta en sala | ||
| 546 | _aTexto en latín | ||
| 650 | 7 |
_aDisciplina eclesiástica _913326 _xObras anteriores a 1800 |
|
| 650 | 7 |
_aEspectáculos _914919 _xTeología moral _xObras anteriores a 1800 |
|
| 650 | 7 |
_aTeología moral _xObras anteriores a 1800 _941481 |
|
| 690 |
_aTeología _925230 |
||
| 942 |
_cLIBRO _e3 _a11 _2LOCAL _hE08N069 |
||
| 999 |
_c72246 _d72246 |
||